Logo CIB grande

Estadística Matemática con Aplicaciones (Registro nro. 222742)

Detalles MARC
000 -LEADER
campo de control de longitud fija 00939nam a2200301Ia 4500
003 - IDENTIFICADOR DE NÚMERO DE CONTROL
campo de control EC-GqESP
005 - FECHA Y HORA DE LA ÚLTIMA TRANSACCIÓN
campo de control 20251105121537.0
008 - DATOS DE LONGITUD FIJA--INFORMACIÓN GENERAL
campo de control de longitud fija 250425s9999 xx 000 0 und d
010 ## - NÚMERO DE CONTROL DE LA BIBLIOTECA DEL CONGRESO
Número de control de LC 51201
020 ## - NÚMERO INTERNACIONAL ESTÁNDAR DEL LIBRO
Número Internacional Estándar del Libro 9701703898
041 ## - CÓDIGO DE IDIOMA
Código de lengua del texto/banda sonora o título independiente spa
043 ## - CÓDIGO DE ÁREA GEOGRÁFICA
Código de área geográfica mx
082 ## - NÚMERO DE LA CLASIFICACIÓN DECIMAL DEWEY
Número de clasificación 519.5
Iniciales del Autor FRE
100 ## - ENTRADA PRINCIPAL--NOMBRE DE PERSONA
Nombre de persona Freund, John E.
245 #0 - MENCIÓN DEL TÍTULO
Título Estadística Matemática con Aplicaciones
Mención de responsabilidad, etc. John E. Freund; Irwin Miller; Marylees Miller; Traductor, Rosendo Sánchez Palma
250 ## - MENCION DE EDICION
Mención de edición 6a. edición
260 ## - PUBLICACIÓN, DISTRIBUCIÓN, ETC.
Lugar de publicación, distribución, etc. México
Nombre del editor, distribuidor, etc. PEARSON EDUCACION
Fecha de publicación, distribución, etc. 2000
300 ## - DESCRIPCIÓN FÍSICA
Extensión 624 p.
Dimensiones 23.5 cm.
500 ## - NOTA GENERAL
Nota general Contenido, apéndice, tablas estadísticas, índice
650 ## - PUNTO DE ACCESO ADICIONAL DE MATERIA--TÉRMINO DE MATERIA
Término de materia o nombre geográfico como elemento de entrada Estadística Matemática
650 ## - PUNTO DE ACCESO ADICIONAL DE MATERIA--TÉRMINO DE MATERIA
Término de materia o nombre geográfico como elemento de entrada Muestreo (Estadística)
650 ## - PUNTO DE ACCESO ADICIONAL DE MATERIA--TÉRMINO DE MATERIA
Término de materia o nombre geográfico como elemento de entrada Probabilidades-Matemáticas
650 ## - PUNTO DE ACCESO ADICIONAL DE MATERIA--TÉRMINO DE MATERIA
Término de materia o nombre geográfico como elemento de entrada Variables Aleatorias
700 ## - ENTRADA AGREGADA--NOMBRE PERSONAL
Nombre de persona Miller, Irwin
Término indicativo de función/relación Coautor
700 ## - ENTRADA AGREGADA--NOMBRE PERSONAL
Nombre de persona Miller, Marylees
Término indicativo de función/relación Coautor
700 ## - ENTRADA AGREGADA--NOMBRE PERSONAL
Nombre de persona Sánchez Palma, Rosendo
Término indicativo de función/relación Traductor
942 ## - ELEMENTOS DE ENTRADA SECUNDARIOS (KOHA)
Tipo de ítem Koha Libros
Existencias
Estatus retirado Estado de pérdida Estado de daño No para préstamo Biblioteca de origen Biblioteca actual Fecha de adquisición Coste, precio normal de compra Total de préstamos Código de barras Copia número Etiqueta RFID Visto por última vez Fecha del último préstamo Tipo de ítem Koha Ubicación en estantería Fuente de la clasificación o esquema de estantería Signatura topográfica completa Nota pública
        CENTRO DE INFORMACIÓN BIBLIOTECARIA CENTRO DE INFORMACIÓN BIBLIOTECARIA 16/07/2009 18.00 1 46206 1 0000000000000000037661 08/10/2025 03/10/2025 Libros        
        CENTRO DE INFORMACIÓN BIBLIOTECARIA CENTRO DE INFORMACIÓN BIBLIOTECARIA 15/08/2007 22.00   D-36163 11 0000000000000000008635     Libros        
        FACULTAD DE INGENIERIA MECANICA Y CIENCIAS DE LA PRODUCCION CENTRO DE INFORMACIÓN BIBLIOTECARIA 03/09/2004 23.00 2 50025 2 0000000000000000038275 24/04/2026 21/04/2026 Libros   Clasificación Decimal Dewey 519.5 FRE ESPOL. CIB
        FACULTAD DE INGENIERIA MECANICA Y CIENCIAS DE LA PRODUCCION FACULTAD DE INGENIERIA MECANICA Y CIENCIAS DE LA PRODUCCION 15/09/2004 8.00   D-30691 7                
        FACULTAD DE INGENIERIA MECANICA Y CIENCIAS DE LA PRODUCCION FACULTAD DE INGENIERIA MECANICA Y CIENCIAS DE LA PRODUCCION 06/07/2009 18.00   50569 3                
        FACULTAD DE INGENIERIA MECANICA Y CIENCIAS DE LA PRODUCCION FACULTAD DE INGENIERIA MECANICA Y CIENCIAS DE LA PRODUCCION 03/09/2004 20.00   D-30689 5                

Copyright 2025 ESPOL. Todos los derechos reservados.